=LDR 00000nam 2200000 4500 =001 INLIS000000000046143 =005 20150217084535.0 =006 =007 =008 =020 ##$$a 978-979-29-1723-9 =035 ##$$0010-021500000000704 =040 ##$$a NBPDMAT =082 ##$$a 650.1 =090 ##$$a 650.1 $b Eka g =100 ##$$a Eka Dharma Pranoto =245 ##$$a Gulung tikar ? No Way ! , kiat sukses jadi pengusaha tanpa bangkrut / $c Eka Dharma Pranoto =250 ##$$a Ed. 1 =260 ##$$a Yogyakarta $b Andi $c 2010 =300 ##$$a xxviii, 340 hlm. : ilus, ; 21 cm =650 ##$$a Bisnis =850 ##$$a NBPDMAT